| 000 | 01064nam2a22002291 4500 | ||
|---|---|---|---|
| 001 | rc\746181 | ||
| 005 | 20250622134752.0 | ||
| 035 | _a(NLR Aleph) 006322228 | ||
| 090 |
_a7462201 _c7462201 |
||
| 100 | _a20040301d1985 |||y0rusy50 ca | ||
| 101 | 0 | _arus | |
| 102 | _aRU | ||
| 105 | _aa ||||||||| | ||
| 200 | 0 | _aВып. 3 | |
| 210 |
_d1985 _aБ. м. |
||
| 215 |
_a48 с. _cил. |
||
| 461 | 0 |
_1001rc\746180 _12001#$aХимические и физико-химические методы анализа двойных, тройных сплавов и лигатур$eСб. методик$fВНИИ авиац. материалов$g[Сост. Башкирова И.С. и др.]$vВып. 3 _97462195 _c[М.] _d1985 _fВНИИ авиац. материалов _nВИАМ _oСб. методик _tХимические и физико-химические методы анализа двойных, тройных сплавов и лигатур _vВып. 3 |
|
| 801 | 0 |
_aRU _bNLR _gpsbo |
|
| 801 | 1 |
_aRU _bELAR _2rusmarc |
|
| 852 |
_aNLR _j85-6/6070 |
||
| 942 | _cBOOK | ||
| 980 | _aNB | ||